000 00353nam a2200145Ia 4500
008 230917s9999||||xx |||||||||||||| ||und||
040 _e195610
_aMAIN
041 _aEnglish
082 _a327.11 M277A
100 _aMahender Kumar
245 0 _aAntarrashtriya rajniti ke siddhant
260 _aAgra
_bShiv Lal
_c2003
300 _a490 p.
942 _cBK
999 _c109161
_d109161